Guatemala, nunca más /
में बचाया:
| मुख्य लेखक: | |
|---|---|
| स्वरूप: | मूलपाठ |
| विषय: | |
| टैग: |
टैग जोड़ें
कोई टैग नहीं, इस रिकॉर्ड को टैग करने वाले पहले व्यक्ति बनें!
|
MARC
| LEADER | 00000 a a2200000 04500 | ||
|---|---|---|---|
| 001 | 9727 | ||
| 003 | |||
| 040 | |a CRAI/IIS |c CRAI/IIS | ||
| 100 | |a Beristain, Carlos Martín | ||
| 245 | |a Guatemala, nunca más / |c Carlos Martín Beristain | ||
| 650 | |a CRIMENES DE GUERRA | ||
| 650 | |a GUERRA | ||
| 650 | |a VICTIMAS | ||
| 650 | |a VIOLENCIA | ||
| 650 | |a DERECHOS HUMANOS | ||
| 650 | |a HISTORIA SOCIAL | ||
| 650 | |a POBLACION INDIGENA | ||
| 650 | |a GUATEMALA | ||
| 650 | |a VICTIMAS | ||
| 650 | |a CRIMENES DE GUERRA | ||
| 773 | |g número 3; páginas 23-26 | ||
| 999 | |c 20054 |d 20054 | ||
